[Event "Smith & Williamson FIDE Rated"]
[Site "Witley"]
[Date "2001.07.19"]
[Round "7.8"]
[White "Khoo, Teresa"]
[Black "Nixon, Thomas"]
[Result "0-1"]
[WhiteElo "1688"]
[BlackElo "2137"]
[PlyCount "112"]
[EventDate "2001.07.16"]
[EventType "swiss"]
[EventRounds "11"]
[EventCountry "ENG"]
[SourceTitle "BritBase"]
[Source "John Saunders"]
[SourceDate "2025.09.16"]
[SourceVersion "1"]
[SourceVersionDate "2025.09.16"]
[SourceQuality "1"]

1. e4 e5 2. Nf3 Nc6 3. Bb5 a6 4. Ba4 Nf6 5. O-O Be7 6. Re1 b5 7. Bb3 d6 8. h3 Na5 9. c3 Nxb3 10. axb3 Bb7 11. d3 O-O 12. Nbd2 Re8 13. Nf1 Bf8 14. Ng3 g6 15. c4 Bg7 16. Bd2 Qd7 17. Qc2 c6 18. Bc3 Qe7 19. b4 Nd7 20. b3 h5 21. Nf1 d5 22. c5 d4 23. Bd2 Nf8 24. Qc1 Ne6 25. Ng5 {(=)} f6 26. Nf3 Qf7 27. Nh4 Bf8 28. Ra5 Be7 29. Nf3 Bc8 30. Ng3 Qh7 31. h4 Qf7 32. Kf1 Bd8 33. Ra3 Bc7 34. Kg1 Qe7 35. Kf1 Rf8 36. Kg1 Bb7 37. Rf1 a5 38. bxa5 Nxc5 39. b4 Na6 40. Rb3 Bd6 41. Qb1 Bc8 42. Rc1 Bd7 43. Rb2 Kh7 44. Ne2 Rab8 45. Rf1 c5 46. bxc5 Bxc5 47. Nc1 Rfc8 48. Na2 b4 49. Nc1 Be6 50. Nb3 Bd6 51. Rc1 Rc3 52. Nfxd4 exd4 53. Nxd4 Rxc1+ 54. Qxc1 Rc8 55. Qd1 Be5 56. Bxb4 Nxb4 0-1

[Event "Smith & Williamson FIDE Rated"]
[Site "Witley"]
[Date "2001.07.19"]
[Round "7.9"]
[White "Bareham, David C"]
[Black "Mooring, Ross"]
[Result "1/2-1/2"]
[WhiteElo "1720"]
[BlackElo "2053"]
[PlyCount "59"]
[EventDate "2001.07.16"]
[EventType "swiss"]
[EventRounds "11"]
[EventCountry "ENG"]
[SourceTitle "BritBase"]
[Source "John Saunders"]
[SourceDate "2025.09.16"]
[SourceVersion "1"]
[SourceVersionDate "2025.09.16"]
[SourceQuality "1"]

1. e4 e6 2. d4 d5 3. exd5 exd5 4. Nf3 Bd6 5. c4 Nf6 6. Bg5 O-O 7. Bxf6 Qxf6 8. cxd5 Bg4 9. Be2 Nd7 10. O-O Nb6 11. Nc3 Rfe8 12. Qd3 Rad8 13. Rad1 Bf5 14. Qd2 Bg4 15. h3 Bf4 16. Qc2 Bf5 17. Bd3 Bxd3 18. Rxd3 Qf5 19. Rfd1 Re7 20. Kf1 Nxd5 21. Nxd5 Qxd5 22. Qb3 Red7 23. Qxd5 Rxd5 24. g3 Bd6 25. Ke2 f6 26. a3 a5 27. R1d2 Bf8 28. Rb3 b6 29. Rc3 R8d7 30. Rc6 1/2-1/2

[Event "Smith & Williamson FIDE Rated"]
[Site "Witley"]
[Date "2001.07.19"]
[Round "7.10"]
[White "Rennie, John"]
[Black "Boztas, Kenan"]
[Result "1-0"]
[WhiteElo "2053"]
[BlackElo "2051"]
[PlyCount "49"]
[EventDate "2001.07.16"]
[EventType "swiss"]
[EventRounds "11"]
[EventCountry "ENG"]
[SourceTitle "BritBase"]
[Source "John Saunders"]
[SourceDate "2025.09.16"]
[SourceVersion "1"]
[SourceVersionDate "2025.09.16"]
[SourceQuality "1"]

1. e4 c5 2. Nf3 d6 3. d4 cxd4 4. Nxd4 Nf6 5. Nc3 g6 6. Be3 Bg7 7. f3 O-O 8. Qd2 Nc6 9. Bc4 Bd7 10. h4 Ne5 11. Bb3 Qa5 12. O-O-O Rfc8 13. Kb1 Nc4 14. Bxc4 Rxc4 15. Nb3 Qa6 16. Bh6 Bh8 17. h5 Rxc3 18. bxc3 Nxh5 19. Rxh5 Rc8 20. Rd5 Qc6 21. Rc5 dxc5 22. Qxd7 Bxc3 23. Qd8+ Qe8 24. Qxe8+ Rxe8 25. Nxc5 1-0

[Event "Smith & Williamson FIDE Rated"]
[Site "Witley"]
[Date "2001.07.19"]
[Round "7.11"]
[White "Winkworth, Julian"]
[Black "Bennet, William"]
[Result "1-0"]
[WhiteElo "1904"]
[BlackElo "1800"]
[PlyCount "87"]
[EventDate "2001.07.16"]
[EventType "swiss"]
[EventRounds "11"]
[EventCountry "ENG"]
[SourceTitle "BritBase"]
[Source "John Saunders"]
[SourceDate "2025.09.16"]
[SourceVersion "1"]
[SourceVersionDate "2025.09.16"]
[SourceQuality "1"]

1. e4 c5 2. Nf3 g6 3. Bd3 Bg7 4. c3 d5 5. O-O Nc6 6. Re1 Nf6 7. e5 Ng4 8. Bb5 O-O 9. d4 Qb6 10. Bxc6 bxc6 11. h3 Nh6 12. Nbd2 cxd4 13. cxd4 c5 14. dxc5 Qxc5 15. Nb3 Qc6 16. Be3 Nf5 17. Bc5 Qd7 18. Qd2 Rd8 19. Qb4 e6 20. g4 Nh6 21. Qd2 Qa4 22. Nfd4 Ba6 23. Be7 Rdc8 24. Bg5 Rc4 25. Bxh6 Bxh6 26. Qxh6 Rxd4 27. Nxd4 Qxd4 28. b3 Qb2 29. Qc1 Qxc1 30. Raxc1 d4 31. Red1 d3 32. Rc6 Bb7 33. Rc7 Be4 34. f3 Bxf3 35. Rxd3 Bd5 36. Rdc3 a6 37. Rc8+ Rxc8 38. Rxc8+ Kg7 39. Rc7 Be4 40. Kf2 g5 41. b4 Kg6 42. a4 f5 43. b5 axb5 44. axb5 1-0

[Event "Smith & Williamson FIDE Rated"]
[Site "Witley"]
[Date "2001.07.19"]
[Round "7.12"]
[White "Antal, Agnes"]
[Black "Farley, Andrew"]
[Result "0-1"]
[WhiteElo "2043"]
[BlackElo "1760"]
[PlyCount "58"]
[EventDate "2001.07.16"]
[EventType "swiss"]
[EventRounds "11"]
[EventCountry "ENG"]
[SourceTitle "BritBase"]
[Source "John Saunders"]
[SourceDate "2025.09.16"]
[SourceVersion "1"]
[SourceVersionDate "2025.09.16"]
[SourceQuality "1"]

1. e4 d5 2. exd5 Nf6 3. Nf3 Qxd5 4. Nc3 Qa5 5. d4 Bf5 6. Bc4 e6 7. Ne5 c6 8. g4 Bg6 9. h4 Be4 10. Rh3 Bd5 11. Bd3 Nbd7 12. Nxd7 Nxd7 13. Bf4 Bb4 14. Bd2 Qc7 15. Kf1 Bd6 16. Ne4 Bxe4 17. Bxe4 Nf6 18. Bd3 O-O-O 19. c4 Bf4 20. Bc3 Kb8 21. Qe2 h5 22. g5 Ng4 23. f3 Ne3+ 24. Kf2 e5 25. d5 Qb6 26. Ke1 cxd5 27. cxd5 Rxd5 28. Be4 Rd6 29. Rh1 Bg3+ 0-1

[Event "Smith & Williamson FIDE Rated"]
[Site "Witley"]
[Date "2001.07.19"]
[Round "7.13"]
[White "Timms, Nicholas D"]
[Black "Purton, Ben"]
[Result "1/2-1/2"]
[WhiteElo "2102"]
[BlackElo "1632"]
[PlyCount "48"]
[EventDate "2001.07.16"]
[EventType "swiss"]
[EventRounds "11"]
[EventCountry "ENG"]
[SourceTitle "BritBase"]
[Source "John Saunders"]
[SourceDate "2025.09.16"]
[SourceVersion "1"]
[SourceVersionDate "2025.09.16"]
[SourceQuality "1"]

1. d4 f5 2. Nf3 Nf6 3. c4 g6 4. Nc3 Bg7 5. g3 O-O 6. Bg2 d6 7. h4 c6 8. e3 Qe8 9. Ne2 e5 10. b3 Nbd7 11. dxe5 dxe5 {(=)} 12. Ba3 c5 13. Ng5 h6 14. Bd5+ Nxd5 15. Qxd5+ Kh8 16. Ne6 Nf6 17. Nxg7 Kxg7 18. Qxc5 Rf7 19. Bb2 Re7 20. Rd1 b6 21. Qb4 Bb7 {(=)} 22. O-O Bf3 23. Rfe1 g5 24. Rd3 gxh4 1/2-1/2

[Event "Smith & Williamson FIDE Rated"]
[Site "Witley"]
[Date "2001.07.19"]
[Round "7.15"]
[White "Bridger, Michael J"]
[Black "Mycroft, Richard"]
[Result "0-1"]
[WhiteElo "2058"]
[BlackElo "1736"]
[PlyCount "68"]
[EventDate "2001.07.16"]
[EventType "swiss"]
[EventRounds "11"]
[EventCountry "ENG"]
[SourceTitle "BritBase"]
[Source "John Saunders"]
[SourceDate "2025.09.16"]
[SourceVersion "1"]
[SourceVersionDate "2025.09.16"]
[SourceQuality "1"]

1. e4 e6 2. d4 d5 3. Nd2 Nf6 4. e5 Nfd7 5. c3 c5 6. Bd3 Nc6 7. Ne2 a5 8. a4 cxd4 9. cxd4 Nb6 10. O-O Bd7 11. Nf3 Be7 12. Ne1 Nb4 13. Bb1 Qc7 14. Nd3 Nc8 15. b3 b5 16. axb5 Bxb5 17. Nxb4 Bxb4 18. Bd3 Bxd3 19. Qxd3 O-O 20. Ba3 Bxa3 21. Rxa3 Ne7 22. Nc3 Rfc8 23. Na4 {(=)} Qc2 24. Qxc2 Rxc2 25. Rd1 Nc6 26. Raa1 Rb8 27. Rab1 g5 28. Kf1 Rb4 29. Rbc1 Nxd4 30. Rxc2 Nxc2 31. Rb1 Nd4 32. Nc5 Kg7 33. Ke1 Kg6 34. Nd7 Nxb3 0-1

[Event "Smith & Williamson FIDE Rated"]
[Site "Witley"]
[Date "2001.07.19"]
[Round "7.16"]
[White "Hughes, Andrew"]
[Black "Williams, Samuel G"]
[Result "1-0"]
[WhiteElo "2046"]
[BlackElo "1696"]
[PlyCount "99"]
[EventDate "2001.07.16"]
[EventType "swiss"]
[EventRounds "11"]
[EventCountry "ENG"]
[SourceTitle "BritBase"]
[Source "John Saunders"]
[SourceDate "2025.09.16"]
[SourceVersion "1"]
[SourceVersionDate "2025.09.16"]
[SourceQuality "1"]

1. e4 d6 2. d4 Nf6 3. Nc3 c6 4. f3 Qb6 5. Nge2 e5 6. dxe5 dxe5 7. Ng3 h5 8. Bc4 h4 9. Nge2 h3 10. g3 Bc5 11. Rf1 Ke7 12. Bd2 Qc7 13. Nc1 b5 14. Bb3 a5 15. Nd3 Na6 16. a3 a4 17. Nxc5 Nxc5 18. Ba2 Rd8 19. Qe2 Ne6 20. O-O-O Ba6 21. Bxe6 fxe6 22. Qe3 b4 23. Ne2 Bxe2 24. Qxe2 c5 25. Qe3 Rd4 26. Be1 Qb6 27. Bf2 Rad8 {(=)} 28. Qg5 Rxd1+ 29. Rxd1 Rxd1+ 30. Kxd1 Qd6+ 31. Kc1 Kf7 32. Qd2 Ke7 {(=)} 33. Qe3 Nd7 34. Qg5+ Kf8 35. Qd2 Ke7 36. g4 bxa3 37. bxa3 Qa6 {(=)} 38. Qg5+ Kd6 39. Qd2+ Ke7 40. Qd3 Qxd3 41. cxd3 Kd6 42. Kd2 Kc6 43. Kc3 Nf8 44. Bg3 Ng6 45. Kc4 Nf4 46. Bxf4 exf4 47. d4 g5 48. dxc5 e5 49. Kb4 Kc7 50. Kxa4 1-0

[Event "Smith & Williamson FIDE Rated"]
[Site "Witley"]
[Date "2001.07.19"]
[Round "7.17"]
[White "Payne, Robert"]
[Black "Goodwin, Lydia"]
[Result "1/2-1/2"]
[WhiteElo "1688"]
[BlackElo "1768"]
[PlyCount "41"]
[EventDate "2001.07.16"]
[EventType "swiss"]
[EventRounds "11"]
[EventCountry "ENG"]
[SourceTitle "BritBase"]
[Source "John Saunders"]
[SourceDate "2025.09.16"]
[SourceVersion "1"]
[SourceVersionDate "2025.09.16"]
[SourceQuality "1"]

1. d4 Nf6 2. Nf3 g6 3. Bg5 Bg7 4. Nbd2 d6 5. e3 Nc6 6. c3 O-O 7. Bd3 e5 8. O-O Re8 9. Qc2 d5 {(=)} 10. dxe5 Nxe5 11. Nxe5 Rxe5 12. Nf3 Re8 13. Rad1 Bg4 14. Be2 c6 15. c4 Qa5 16. h3 Bxf3 17. Bxf3 dxc4 18. Bxf6 Bxf6 {(=)} 19. Qxc4 Rad8 20. Qb3 Qc7 21. Rfe1 1/2-1/2

[Event "Smith & Williamson FIDE Rated"]
[Site "Witley"]
[Date "2001.07.19"]
[Round "7.18"]
[White "Wilson, Alexandra FV"]
[Black "Chevannes, Sabrina L"]
[Result "0-1"]
[WhiteElo "1648"]
[BlackElo "1584"]
[PlyCount "92"]
[EventDate "2001.07.16"]
[EventType "swiss"]
[EventRounds "11"]
[EventCountry "ENG"]
[SourceTitle "BritBase"]
[Source "John Saunders"]
[SourceDate "2025.09.16"]
[SourceVersion "1"]
[SourceVersionDate "2025.09.16"]
[SourceQuality "1"]

1. e4 c6 2. d3 d5 3. Nd2 e6 4. Ngf3 Nd7 5. g3 Bd6 6. Bg2 Ngf6 7. O-O O-O 8. Qe2 e5 9. c3 Re8 10. Re1 b6 11. Nf1 h6 12. Qc2 Ba6 13. Ne3 Nc5 14. exd5 Bxd3 15. Qd1 e4 16. Nd4 cxd5 17. b4 Ne6 18. Qb3 Bc7 19. Rd1 Nxd4 20. cxd4 b5 21. Rxd3 exd3 22. Qxd3 Ne4 23. Qxb5 Qf6 24. Bxe4 Qxd4 25. Rb1 Qxe4 26. Rb3 d4 27. Nf1 Qc2 28. Bb2 Bb6 29. Qd3 Re2 30. Bxd4 Rxf2 31. Qxc2 Rxc2 32. Bxb6 axb6 33. a3 Ra2 34. Ne3 R2xa3 35. Rxa3 Rxa3 36. Nc4 Ra1+ 37. Kg2 Rb1 38. Nxb6 Rxb4 39. Nd5 Rb3 40. Kh3 Rb2 41. Nf4 f5 42. Ng6 Kf7 43. Ne5+ Kf6 44. Nf3 Rf2 45. Nd4 g5 46. g4 fxg4+ 0-1

[Event "Smith & Williamson FIDE Rated"]
[Site "Witley"]
[Date "2001.07.19"]
[Round "7.20"]
[White "Kelly, Alexandra"]
[Black "Coupe, Marcus"]
[Result "0-1"]
[WhiteElo "1672"]
[BlackElo "1656"]
[PlyCount "52"]
[EventDate "2001.07.16"]
[EventType "swiss"]
[EventRounds "11"]
[EventCountry "ENG"]
[SourceTitle "BritBase"]
[Source "John Saunders"]
[SourceDate "2025.09.16"]
[SourceVersion "1"]
[SourceVersionDate "2025.09.16"]
[SourceQuality "1"]

1. e4 e6 2. d4 d5 3. Nc3 Nf6 4. e5 Nfd7 5. f4 c5 6. Nf3 Nc6 7. Be3 Qb6 8. Na4 Qa5+ 9. c3 cxd4 10. Nxd4 Nxd4 11. Bxd4 b5 12. b4 Qxa4 13. Qxa4 bxa4 14. Bb5 Bb7 15. Bxa4 a6 16. Ke2 Rc8 17. Kd3 Bc6 18. Bb3 Bb5+ 19. Kd2 Be7 20. a4 Bc4 21. Bc2 O-O 22. g4 f6 23. exf6 Bxf6 24. Rhe1 Bxd4 25. cxd4 Rxf4 26. h3 Rf2+ 0-1

[Event "Smith & Williamson FIDE Rated"]
[Site "Witley"]
[Date "2001.07.19"]
[Round "8.2"]
[White "Woodward, Timothy DM"]
[Black "Martyn, Rafe"]
[Result "1-0"]
[WhiteElo "2096"]
[BlackElo "2126"]
[PlyCount "72"]
[EventDate "2001.07.16"]
[EventType "swiss"]
[EventRounds "11"]
[EventCountry "ENG"]
[SourceTitle "BritBase"]
[Source "John Saunders"]
[SourceDate "2025.09.16"]
[SourceVersion "1"]
[SourceVersionDate "2025.09.16"]
[SourceQuality "1"]

1. Nf3 d5 2. d4 Nf6 3. c4 dxc4 4. e3 e6 5. Bxc4 a6 6. Bb3 c5 7. O-O b5 8. a4 Bb7 9. Qe2 Nbd7 10. Rd1 c4 11. Bc2 Nd5 12. Nc3 Nb4 13. Bb1 Qb8 14. e4 Be7 15. e5 O-O 16. Ng5 h6 17. Qh5 Nxe5 18. Nxe6 fxe6 19. dxe5 Nd3 20. Bxh6 Rf5 21. Qg4 Qxe5 22. Bxd3 cxd3 23. Re1 Rg5 24. Bxg5 Qxg5 25. Qxg5 Bxg5 26. axb5 axb5 27. Rxa8+ Bxa8 28. Rxe6 Kf7 29. Ra6 b4 30. Rxa8 bxc3 31. bxc3 Ke6 32. Kf1 Kd6 33. Ke1 Kc6 34. g3 Bc1 35. Rd8 d2+ 36. Rxd2 Bxd2+ 1-0

[Event "Smith & Williamson FIDE Rated"]
[Site "Witley"]
[Date "2001.07.19"]
[Round "8.3"]
[White "Churm, Rohan M"]
[Black "Kahar, Krunal"]
[Result "1-0"]
[WhiteElo "2143"]
[BlackElo "2172"]
[PlyCount "27"]
[EventDate "2001.07.16"]
[EventType "swiss"]
[EventRounds "11"]
[EventCountry "ENG"]
[SourceTitle "BritBase"]
[Source "John Saunders"]
[SourceDate "2025.09.16"]
[SourceVersion "1"]
[SourceVersionDate "2025.09.16"]
[SourceQuality "1"]

1. d4 Nf6 2. Bg5 e6 3. e4 h6 4. Bxf6 Qxf6 5. Nf3 b6 6. Bd3 Bb7 7. Nbd2 d6 8. Qe2 Qd8 9. O-O Be7 10. c3 Nd7 11. Rad1 e5 12. dxe5 dxe5 13. Nc4 Bd6 14. Nfxe5 1-0

[Event "Smith & Williamson FIDE Rated"]
[Site "Witley"]
[Date "2001.07.19"]
[Round "8.4"]
[White "Ekeberg, Carl Fredrik"]
[Black "Bigg, Andrew J"]
[Result "1-0"]
[WhiteElo "2117"]
[BlackElo "2216"]
[PlyCount "53"]
[EventDate "2001.07.16"]
[EventType "swiss"]
[EventRounds "11"]
[EventCountry "ENG"]
[SourceTitle "BritBase"]
[Source "John Saunders"]
[SourceDate "2025.09.16"]
[SourceVersion "1"]
[SourceVersionDate "2025.09.16"]
[SourceQuality "1"]

1. c4 b6 2. Nc3 e6 3. e4 Bb7 4. g3 Bb4 5. Nge2 f5 6. Bg2 Nf6 7. d3 fxe4 8. O-O O-O 9. dxe4 Nc6 10. a3 Be7 11. h3 e5 12. b4 Qe8 13. Nd5 Rc8 {(=)} 14. Be3 a5 15. Qb3 Kh8 16. Nec3 axb4 17. axb4 Nd8 18. Ra7 Bxd5 19. exd5 Nf7 20. c5 bxc5 21. bxc5 Rb8 22. Qc4 Qc8 23. Rfa1 d6 24. c6 Ne8 25. h4 Qf5 26. Rb7 Qc8 27. Bh3 1-0

[Event "Smith & Williamson FIDE Rated"]
[Site "Witley"]
[Date "2001.07.19"]
[Round "8.5"]
[White "Rattray, Ross"]
[Black "Deva, Chetan"]
[Result "1/2-1/2"]
[WhiteElo "2076"]
[BlackElo "2128"]
[PlyCount "30"]
[EventDate "2001.07.16"]
[EventType "swiss"]
[EventRounds "11"]
[EventCountry "ENG"]
[SourceTitle "BritBase"]
[Source "John Saunders"]
[SourceDate "2025.09.16"]
[SourceVersion "1"]
[SourceVersionDate "2025.09.16"]
[SourceQuality "1"]

1. e4 d6 2. c4 c5 3. Ne2 Nc6 4. d4 cxd4 5. Nxd4 Nf6 6. Nc3 g6 7. Be2 Bg7 8. Be3 O-O 9. h3 Bd7 10. Rc1 Rc8 11. Qd2 a6 12. O-O Be8 13. Rfd1 Nd7 14. f4 Kh8 15. b3 Nc5 1/2-1/2

[Event "Smith & Williamson FIDE Rated"]
[Site "Witley"]
[Date "2001.07.19"]
[Round "8.6"]
[White "Winkworth, Julian"]
[Black "Bjerke, Silje"]
[Result "1/2-1/2"]
[WhiteElo "1904"]
[BlackElo "2029"]
[PlyCount "35"]
[EventDate "2001.07.16"]
[EventType "swiss"]
[EventRounds "11"]
[EventCountry "ENG"]
[SourceTitle "BritBase"]
[Source "John Saunders"]
[SourceDate "2025.09.16"]
[SourceVersion "1"]
[SourceVersionDate "2025.09.16"]
[SourceQuality "1"]

1. e4 e6 2. d4 d5 3. Nd2 c5 4. Ngf3 cxd4 5. Nxd4 Nc6 6. Bb5 Bd7 7. Nxc6 Bxc6 8. Bxc6+ bxc6 9. O-O Qc7 10. Re1 Nf6 11. exd5 cxd5 12. c4 Bd6 13. Qa4+ Qd7 14. Qxd7+ Kxd7 15. cxd5 exd5 16. Nf3 Rab8 17. b3 Bb4 18. Rd1 1/2-1/2

[Event "Smith & Williamson FIDE Rated"]
[Site "Witley"]
[Date "2001.07.19"]
[Round "8.7"]
[White "Hansell, Christopher"]
[Black "Cooley, Oliver"]
[Result "0-1"]
[WhiteElo "2062"]
[BlackElo "2079"]
[PlyCount "80"]
[EventDate "2001.07.16"]
[EventType "swiss"]
[EventRounds "11"]
[EventCountry "ENG"]
[SourceTitle "BritBase"]
[Source "John Saunders"]
[SourceDate "2025.09.16"]
[SourceVersion "1"]
[SourceVersionDate "2025.09.16"]
[SourceQuality "1"]

1. d4 Nf6 2. c4 g6 3. Nc3 Bg7 4. e4 d6 5. f3 O-O 6. Bg5 c5 7. d5 Na6 8. Qd2 Nc7 9. Bd3 a6 10. Nge2 Rb8 11. a4 Bd7 12. a5 b5 13. axb6 Rxb6 14. O-O Qb8 15. Rab1 Qb7 16. Rf2 Rb8 17. Nc1 Nfe8 18. Be3 a5 19. f4 Na6 20. N1a2 Nb4 21. Nxb4 Rxb4 22. e5 Qb6 23. Ne4 Bf5 24. Ng5 Bxd3 25. Qxd3 Qa6 26. Rc2 {(=)} a4 27. Bd2 Rb3 28. Bc3 dxe5 29. Ne4 exf4 30. Kf1 Bxc3 31. Nxc3 Nd6 32. Qe2 Qxc4 33. Qxc4 Nxc4 34. Nd1 Ne3+ 35. Nxe3 fxe3 36. Rxc5 Rxb2 37. Rxb2 Rxb2 38. Rc3 Rb3 39. Rc2 a3 40. Ra2 Rb1+ 0-1

[Event "Smith & Williamson FIDE Rated"]
[Site "Witley"]
[Date "2001.07.19"]
[Round "8.8"]
[White "Nixon, Thomas"]
[Black "Manton, Timothy"]
[Result "1-0"]
[WhiteElo "2137"]
[BlackElo "1664"]
[PlyCount "73"]
[EventDate "2001.07.16"]
[EventType "swiss"]
[EventRounds "11"]
[EventCountry "ENG"]
[SourceTitle "BritBase"]
[Source "John Saunders"]
[SourceDate "2025.09.16"]
[SourceVersion "1"]
[SourceVersionDate "2025.09.16"]
[SourceQuality "1"]

1. d4 d5 2. c4 e6 3. Nc3 Nf6 4. Bg5 Be7 5. e3 h6 6. Bh4 O-O 7. Bd3 b6 8. cxd5 exd5 9. Nge2 Be6 10. O-O c5 11. Bg3 Bd6 12. Nf4 a6 13. Be2 Nc6 14. Bf3 c4 15. e4 Bxf4 16. Bxf4 dxe4 17. Nxe4 Nd5 18. Be3 Re8 19. Qc1 Rc8 20. Rd1 Nxe3 21. fxe3 Bd5 22. Ng3 Bxf3 23. gxf3 Nb4 24. e4 Nd3 25. Qc3 Qf6 26. Rxd3 cxd3 27. Qxd3 Red8 28. Rd1 b5 29. Ne2 Qe6 30. d5 Qh3 31. Nf4 Qh4 32. Ng2 Qh3 33. Kh1 Rd6 34. e5 Rg6 35. Nf4 Qh4 36. Nxg6 fxg6 37. d6 1-0

[Event "Smith & Williamson FIDE Rated"]
[Site "Witley"]
[Date "2001.07.19"]
[Round "8.9"]
[White "Mycroft, Richard"]
[Black "Rennie, John"]
[Result "1/2-1/2"]
[WhiteElo "1736"]
[BlackElo "2053"]
[PlyCount "48"]
[EventDate "2001.07.16"]
[EventType "swiss"]
[EventRounds "11"]
[EventCountry "ENG"]
[SourceTitle "BritBase"]
[Source "John Saunders"]
[SourceDate "2025.09.16"]
[SourceVersion "1"]
[SourceVersionDate "2025.09.16"]
[SourceQuality "1"]

1. e4 e6 2. d3 d5 3. Nd2 Nf6 4. Ngf3 c5 5. g3 Nc6 6. Bg2 Bd6 7. O-O O-O 8. Re1 Qc7 9. Qe2 Nd7 10. Nf1 d4 11. h4 f6 12. h5 Nde5 13. Nh4 Bd7 14. f4 Nf7 15. Nh2 e5 16. f5 h6 17. Ng6 Rfb8 18. Ng4 Be7 19. c3 Qd6 20. Kh2 b5 21. Bd2 Rc8 22. Qd1 a5 23. Qc1 Bf8 24. c4 b4 1/2-1/2

[Event "Smith & Williamson FIDE Rated"]
[Site "Witley"]
[Date "2001.07.19"]
[Round "8.10"]
[White "Farley, Andrew"]
[Black "Hughes, Andrew"]
[Result "1/2-1/2"]
[WhiteElo "1760"]
[BlackElo "2046"]
[PlyCount "85"]
[EventDate "2001.07.16"]
[EventType "swiss"]
[EventRounds "11"]
[EventCountry "ENG"]
[SourceTitle "BritBase"]
[Source "John Saunders"]
[SourceDate "2025.09.16"]
[SourceVersion "1"]
[SourceVersionDate "2025.09.16"]
[SourceQuality "1"]

1. e4 c5 2. Nf3 e6 3. d4 cxd4 4. Nxd4 Nf6 5. Nc3 Nc6 6. Be3 Bb4 7. Bd3 d5 8. f3 dxe4 9. Bxe4 Nxe4 10. fxe4 Nxd4 11. Qxd4 Qxd4 12. Bxd4 O-O 13. O-O-O b6 14. Be5 f6 15. Bd6 Bxd6 16. Rxd6 e5 17. Nd5 Bg4 18. Ne3 Bh5 19. g4 Bg6 20. Nf5 Bxf5 21. gxf5 Rad8 22. Rhd1 Rxd6 23. Rxd6 g6 24. fxg6 hxg6 25. Kd2 Kg7 26. Rd7+ Rf7 27. Rxf7+ Kxf7 28. c4 f5 29. exf5 gxf5 30. Ke3 Kf6 31. b4 f4+ 32. Kf2 e4 33. h4 Kf5 34. c5 bxc5 35. bxc5 Kg4 36. c6 e3+ 37. Ke2 Kg3 38. c7 f3+ 39. Kxe3 f2 40. c8=Q f1=Q 41. h5 Qe1+ 42. Kd4 Qd1+ 43. Ke4 1/2-1/2

[Event "Smith & Williamson FIDE Rated"]
[Site "Witley"]
[Date "2001.07.19"]
[Round "8.11"]
[White "Mooring, Ross"]
[Black "Lutton, Josiah Ezra"]
[Result "1/2-1/2"]
[WhiteElo "2053"]
[BlackElo "2093"]
[PlyCount "37"]
[EventDate "2001.07.16"]
[EventType "swiss"]
[EventRounds "11"]
[EventCountry "ENG"]
[SourceTitle "BritBase"]
[Source "John Saunders"]
[SourceDate "2025.09.16"]
[SourceVersion "1"]
[SourceVersionDate "2025.09.16"]
[SourceQuality "1"]

1. e4 e6 2. d4 d5 3. Nd2 Nf6 4. e5 Nfd7 5. Bd3 c5 6. c3 Nc6 7. Ne2 f6 8. exf6 Qxf6 9. Nf3 Bd6 10. O-O cxd4 11. cxd4 Nb6 12. Ng3 Bd7 13. a3 h6 14. Nh5 Qf7 15. Nh4 Ne7 16. Qf3 Qxf3 17. Nxf3 g6 18. Bf4 Bxf4 19. Nxf4 1/2-1/2

[Event "Smith & Williamson FIDE Rated"]
[Site "Witley"]
[Date "2001.07.19"]
[Round "8.12"]
[White "Antal, Agnes"]
[Black "Bareham, David C"]
[Result "1-0"]
[WhiteElo "2043"]
[BlackElo "1720"]
[PlyCount "29"]
[EventDate "2001.07.16"]
[EventType "swiss"]
[EventRounds "11"]
[EventCountry "ENG"]
[SourceTitle "BritBase"]
[Source "John Saunders"]
[SourceDate "2025.09.16"]
[SourceVersion "1"]
[SourceVersionDate "2025.09.16"]
[SourceQuality "1"]

1. e4 c5 2. Nc3 Nc6 3. g3 g6 4. Bg2 Bg7 5. d3 d6 6. Be3 e6 7. Qd2 Nd4 8. Nd1 Bd7 9. c3 Nc6 10. Ne2 Qe7 11. a4 Rb8 12. O-O Nf6 13. Bh6 O-O 14. Bxg7 Kxg7 15. f4 {1-0, 48 - both scoresheets illegible} 1-0

[Event "Smith & Williamson FIDE Rated"]
[Site "Witley"]
[Date "2001.07.19"]
[Round "8.13"]
[White "Khoo, Teresa"]
[Black "Timms, Nicholas D"]
[Result "1/2-1/2"]
[WhiteElo "1688"]
[BlackElo "2102"]
[PlyCount "23"]
[EventDate "2001.07.16"]
[EventType "swiss"]
[EventRounds "11"]
[EventCountry "ENG"]
[SourceTitle "BritBase"]
[Source "John Saunders"]
[SourceDate "2025.09.16"]
[SourceVersion "1"]
[SourceVersionDate "2025.09.16"]
[SourceQuality "1"]

1. e4 c5 2. Nf3 d6 3. d3 g6 4. Nbd2 Bg7 5. g3 Nf6 6. Bg2 O-O 7. O-O b5 8. Re1 Bb7 9. a4 a6 10. axb5 axb5 11. Rxa8 Bxa8 12. c3 1/2-1/2

[Event "Smith & Williamson FIDE Rated"]
[Site "Witley"]
[Date "2001.07.19"]
[Round "8.14"]
[White "Boztas, Kenan"]
[Black "Payne, Robert"]
[Result "0-1"]
[WhiteElo "2051"]
[BlackElo "1688"]
[PlyCount "90"]
[EventDate "2001.07.16"]
[EventType "swiss"]
[EventRounds "11"]
[EventCountry "ENG"]
[SourceTitle "BritBase"]
[Source "John Saunders"]
[SourceDate "2025.09.16"]
[SourceVersion "1"]
[SourceVersionDate "2025.09.16"]
[SourceQuality "1"]

1. c4 Nf6 2. g3 e6 3. Bg2 d5 4. Nf3 Bd6 5. b3 Nbd7 6. Bb2 O-O 7. O-O c6 8. d4 Ne4 9. Nfd2 f5 10. e3 Qg5 11. Re1 h5 12. Nf1 h4 13. f3 hxg3 14. fxe4 gxh2+ 15. Kh1 fxe4 16. Re2 Nf6 17. Ba3 Bxa3 18. Nxa3 Ng4 19. Qe1 Qh5 20. Qg3 Rf6 21. Bh3 e5 22. Nxh2 Rg6 23. Rg1 Bf5 24. Reg2 exd4 25. exd4 e3 26. Nxg4 Bxg4 27. Kh2 Rf8 28. Qxe3 Re6 29. Qg3 Re4 30. cxd5 Rf3 31. Qxf3 Bxf3 32. Rxg7+ Kf8 33. Rg8+ Kf7 34. R1g7+ Kf6 35. Rg6+ Qxg6 36. Rxg6+ Kxg6 37. d6 Rxd4 38. d7 Kf6 39. Nc4 c5 40. Kg3 Bc6 41. Na5 Bxd7 42. Bxd7 Rxd7 43. Kf3 b6 44. Nc4 Rd3+ 45. Ke2 Rh3 0-1